Современные методы обработки зубчатых колес: учебное пособие для вузов

Detalhes bibliográficos
Autor principal: Калашников А. С. Александр Сергеевич
Outros Autores: Моргунов Ю. А. Юрий Алексеевич, Калашников П. А. Павел Александрович
Resumo:Изложены основные сведения о цилиндрических и конических зубчатых передачах, материалах, химико-термической обработке. Рассмотрены технологические особенности конструкций зубчатых колес, точность базовых поверхностей до и после ХТО. Проведен анализ существующих методов обработки цилиндрических и конических зубчатых колес. Описаны современные конструкции станков с ЧПУ, режущих и правящих инструментов, зажимных приспособлений и средств технологического оснащения. Приведены принципы определения технологических режимов чистовых операций обработки зубьев. Может быть полезна инженерам машиностроительных и научно-исследовательских предприятий, а также преподавателям и студентам университетов и колледжей.
Idioma:russo
Publicado em: Москва, Спектр, 2012
Assuntos:
Formato: MixedMaterials Livro
KOHA link:https://koha.lib.tpu.ru/cgi-bin/koha/opac-detail.pl?biblionumber=221369

MARC

LEADER 00000nam0a2200000 4500
001 221369
005 20231031195636.0
010 |a 9785444200094 
035 |a (RuTPU)RU\TPU\book\241522 
090 |a 221369 
100 |a 20120910d2012 m y0rusy50 ca 
101 0 |a rus 
102 |a RU 
105 |a a j 001zy 
200 1 |a Современные методы обработки зубчатых колес  |e учебное пособие для вузов  |f А. С. Калашников, Ю. А. Моргунов, П. А. Калашников 
210 |a Москва  |c Спектр  |d 2012 
215 |a 239 с.  |c ил. 
320 |a Библиогр.: с. 236-238. 
320 |a Основные обозначения: с. 5-9. 
330 |a Изложены основные сведения о цилиндрических и конических зубчатых передачах, материалах, химико-термической обработке. Рассмотрены технологические особенности конструкций зубчатых колес, точность базовых поверхностей до и после ХТО. Проведен анализ существующих методов обработки цилиндрических и конических зубчатых колес. Описаны современные конструкции станков с ЧПУ, режущих и правящих инструментов, зажимных приспособлений и средств технологического оснащения. Приведены принципы определения технологических режимов чистовых операций обработки зубьев. Может быть полезна инженерам машиностроительных и научно-исследовательских предприятий, а также преподавателям и студентам университетов и колледжей. 
606 1 |a Зубчатые колеса  |x Обработка  |2 stltpush  |3 (RuTPU)RU\TPU\subj\12025 
610 1 |a характеристика 
610 1 |a типы 
610 1 |a назначение 
610 1 |a технологические процессы 
610 1 |a цилиндрические колеса 
610 1 |a зубья 
610 1 |a изготовление 
610 1 |a чистовая обработка 
610 1 |a зубошлифование 
610 1 |a конические колеса 
610 1 |a шлифование 
610 1 |a учебные пособия 
675 |a 621.833.002(075.8)  |v 3 
700 1 |a Калашников  |b А. С.  |g Александр Сергеевич 
701 1 |a Моргунов  |b Ю. А.  |g Юрий Алексеевич 
701 1 |a Калашников  |b П. А.  |g Павел Александрович 
801 1 |a RU  |b 63413507  |c 20120910 
801 2 |a RU  |b 63413507  |c 20150617  |g RCR 
900 |a Технологические процессы машиностроительного производства 
900 |a Технология машиностроения 
900 |a Технология машиностроительного производства 
942 |c BK 
951 |b 151900 
959 |a 113/20120910  |d 10  |e 0  |f ЧЗТЛ:1  |f АНЛ:1  |f УФ:8